Vojna o Ukrajinu v kontexte vytvárania multipolárneho usporiadania moci vo svete

Vznik ukrajinskej krízy na konci roka 2013. Medzinárodný rozmer ukrajinskej krízy v spojení s vytváraním multipolarity v medzinárodných vzťahoch v 21. storočí. O mediálnopolitickej interpretácii ukrajinskej krízy a kritike pohľadu Západu na ňu. Náčrt periodizácie vývoja ukrajinskej krízy a hlavné ud...

Description complète

Enregistré dans:
Détails bibliographiques
Auteur principal: Škvrnda, František
Format: Chapitre de livre
Langue:slovaque
Sujets:
Tags: Ajouter un tag
Pas de tags, Soyez le premier à ajouter un tag!

MARC

LEADER 00000nla a2200000 4500
001 0199129
005 20240502073351.1
041 0 |a slo 
044 |a SK 
245 1 0 |a Vojna o Ukrajinu v kontexte vytvárania multipolárneho usporiadania moci vo svete  |c František Škvrnda 
520 |a Vznik ukrajinskej krízy na konci roka 2013. Medzinárodný rozmer ukrajinskej krízy v spojení s vytváraním multipolarity v medzinárodných vzťahoch v 21. storočí. O mediálnopolitickej interpretácii ukrajinskej krízy a kritike pohľadu Západu na ňu. Náčrt periodizácie vývoja ukrajinskej krízy a hlavné udalosti, ktoré ovplyvnili jej medzinárodný dopad. Prezidentské a parlamentné voľby na Ukrajine v roku 2014. Súvislosti ukrajinskej krízy s ďalšími krízami a konfliktami v 21. storočí. Vnútropolitické a medzinárodné scenáre ďalšieho vývoja ukrajinskej krízy. 
610 2 0 |a Ukrajina 
610 2 0 |a kríza 
610 2 0 |a kríza politická 
610 2 0 |a voľby 
610 2 0 |a bezpečnosť 
610 2 0 |a vzťahy medzinárodné 
610 2 0 |a Rusko 
610 2 0 |a USA 
610 2 0 |a Európska únia 
100 1 |a Škvrnda, František